The TIMES complete history of the world

Saved in:
Bibliographic Details
Main Author: Richard Overy.-
Format: Book
Language:English
Tags: Add Tag
No Tags, Be the first to tag this record!

MARC

LEADER 00000nam a22000007a 4500
008 210120b ||||| |||| 00| 0 eng d
020 |a : 978-0-00-788089-8 
100 |a Richard Overy.- 
245 |a The TIMES complete history of the world  |c Overy, Richard 
250 |b 8th  |c Richard Overy. 
260 |d 2010  |h London:   |i 689369 – Ref  |l G1030 .T48 
942 |a lcc  |c BK  |e Mr ogunleye 
952 |0 0  |1 0  |2 lcc  |4 0  |6 G1030 T48  |7 0  |9 1321  |a HOL  |b HOL  |d 2021-01-20  |l 0  |o G1030 .T48  |p 2021-0134  |r 2021-01-20 00:00:00  |w 2021-01-20  |y BK 
999 |c 684  |d 684